Environmentally friendly flocculantfor centrifuge machine washing water (Grass 2) (Record no. 58683)

MARC details
000 -LEADER
fixed length control field 00566nam a2200169Ia 4500
100 ## - MAIN ENTRY--AUTHOR NAME
Personal name Jitboon Sopita
245 #0 - TITLE STATEMENT
Title Environmentally friendly flocculantfor centrifuge machine washing water (Grass 2)
260 ## - PUBLICATION, DISTRIBUTION, ETC. (IMPRINT)
Name of publisher IRRDB International Rubber Conference 14-17 December 2011, Chiang
650 ## - SUBJECT ADDED ENTRY--TOPICAL TERM
Topical Term Centrifuge machine washing water
650 ## - SUBJECT ADDED ENTRY--TOPICAL TERM
Topical Term flocculation mechanism
700 ## - ADDED ENTRY--PERSONAL NAME
Personal name Intiya Weenusarin
700 ## - ADDED ENTRY--PERSONAL NAME
Personal name Kongkaew Chaveewan
700 ## - ADDED ENTRY--PERSONAL NAME
Personal name Loykulnant Surapich
700 ## - ADDED ENTRY--PERSONAL NAME
Personal name Montha Suriyakamon
942 ## - ADDED ENTRY ELEMENTS (KOHA)
Koha item type Journals
Holdings
Withdrawn status Lost status Damaged status Not for loan Home library Current library Shelving location Date acquired Koha item type
      Journals RRII Library RRII Library Rubber technology 27/09/2013 Journals